| 000 | 00522nam a22001937a 4500 | ||
|---|---|---|---|
| 003 | NUST - PNEC | ||
| 005 | 20170116180808.0 | ||
| 008 | 150423b xxu||||| |||| 00| 0 eng d | ||
| 020 | _a0071391126 | ||
| 040 | _cLIBRARY | ||
| 082 | _a384.63 NAG | ||
| 100 |
_93135 _aNagar, Rajoo |
||
| 245 |
_aTelecom service rollouts : a best practices guide _cRajoo Nagar |
||
| 250 | _a- | ||
| 260 |
_aNew york _bMcGraw-Hill _cc2002. |
||
| 300 |
_a287 p. : _c22 cm. |
||
| 650 |
_93138 _aTelecommunication _xEE / EL |
||
| 942 |
_2ddc _cBK |
||
| 999 |
_c63265 _d63265 |
||